01039 2200325 4500001002100000005001500021035002000036007000300056008004100059020002200100082001600122084001800138100002900156245014000185250003500325300004600360650001300406264003400419336002100453337003000474338002300504040002200527090002200549850001200571504003400583999002200617700002800639700002400667990002200691INLIS00000000088199820230920015419 a0010-0923000590ta230907s2022 yoia g ind d a978-623-261-391-104223a616.019 a616.019 SID m0 aSidik JatmikaePengarang10aMonograf aspek keamanan manusia (human-security) pada diplomasi kesehatan Indonesia /cSidik Jatmika, Eny Iskawati; penyunting, Alviana aCetakan pertama, Februari 2022 ax, 136 halaman :bgrafik, gambar ;c25 cm 4aCovid-1931aBantul :bSamudra Biru,c2022 2rdacontentateks 2rdamediaatanpa perantara 2rdacarrieravolume aYOPDYOGbindcrda aCB-D.11 2022-4350 aYOPDYOG aBibliografi : halaman 147-160 aCB-D.11/2022-43500 aEny IskawatiePengarang aAlvianaepenyunting aCB-D.11/2022-4350